हास्य-विवाद : (Record no. 119954)
[ view plain ]
| 000 -LEADER | |
|---|---|
| fixed length control field | 01176nam a22002777a 4500 |
| 003 - CONTROL NUMBER IDENTIFIER | |
| control field | dpl |
| 005 - DATE AND TIME OF LATEST TRANSACTION | |
| control field | 20190104162909.0 |
| 008 - FIXED-LENGTH DATA ELEMENTS--GENERAL INFORMATION | |
| fixed length control field | 190104b ||||| |||| 00| 0 eng d |
| 010 ## - LIBRARY OF CONGRESS CONTROL NUMBER | |
| LC control number | B-048713 |
| 020 ## - INTERNATIONAL STANDARD BOOK NUMBER | |
| Terms of availability | 400.00 |
| International Standard Book Number | 8188122076 |
| 035 ## - SYSTEM CONTROL NUMBER | |
| System control number | B-048713 b-048717 |
| 037 ## - SOURCE OF ACQUISITION | |
| Source of stock number/acquisition | Cen Lib/Ret |
| 040 ## - CATALOGING SOURCE | |
| Original cataloging agency | DPL |
| Language of cataloging | HN |
| Transcribing agency | 0 |
| 082 ## - DEWEY DECIMAL CLASSIFICATION NUMBER | |
| Classification number | 821 |
| Item number | हास्यवि |
| 245 ## - TITLE STATEMENT | |
| Title | हास्य-विवाद : |
| Statement of responsibility, etc | संपादक प्रेमकिशोर |
| Remainder of title | काव्य कोश / |
| 246 ## - VARYING FORM OF TITLE | |
| Title proper/short title | Hasye-vivad : kavye kosh / |
| Remainder of title | sampadak Premkishore |
| 260 ## - PUBLICATION, DISTRIBUTION, ETC. (IMPRINT) | |
| Place of publication, distribution, etc | नयी दिल्ली |
| Name of publisher, distributor, etc | भारतीय प्रकाशन संस्थान |
| Date of publication, distribution, etc | 2001 |
| 270 ## - ADDRESS | |
| City | नयी दिल्ली |
| Address | 24/4855, अंसारी रोड, दरियागंज |
| Postal code | 110002 |
| 300 ## - PHYSICAL DESCRIPTION | |
| Extent | 414पृ. |
| Dimensions | 20सेमी(सजिल्द) |
| 650 ## - SUBJECT ADDED ENTRY--TOPICAL TERM | |
| Topical term or geographic name as entry element | हिन्दी -- साहित्य |
| 9 (RLIN) | 87837 |
| 650 ## - SUBJECT ADDED ENTRY--TOPICAL TERM | |
| Topical term or geographic name as entry element | हिन्दी -- काव्य |
| 9 (RLIN) | 779 |
| 650 ## - SUBJECT ADDED ENTRY--TOPICAL TERM | |
| Topical term or geographic name as entry element | Hindi literature |
| 9 (RLIN) | 87838 |
| 650 ## - SUBJECT ADDED ENTRY--TOPICAL TERM | |
| Topical term or geographic name as entry element | Hindi - Poetry |
| 9 (RLIN) | 87839 |
| 700 ## - ADDED ENTRY--PERSONAL NAME | |
| Personal name | प्रेमकिशोर |
| 9 (RLIN) | 43304 |
| 942 ## - ADDED ENTRY ELEMENTS (KOHA) | |
| Source of classification or shelving scheme | Dewey Decimal Classification |
| Koha item type | Hindi Books |
| Classification part | 821 |
| Call number suffix | हास्यवि |
| Withdrawn status | Lost status | Damaged status | Not for loan | Home library | Current library | Date acquired | Source of acquisition | Cost, normal purchase price | Total Checkouts | Total Renewals | Full call number | Barcode | Date last seen | Date checked out | Copy number | Cost, replacement price | Price effective from | Koha item type | Source of classification or shelving scheme | Collection code |
|---|---|---|---|---|---|---|---|---|---|---|---|---|---|---|---|---|---|---|---|---|
| Central Library | Central Library | 19/09/2015 | Cen Lib/Ret | 400.00 | 4 | 1 | 821 हास्यवि | B-048713 | 18/04/2022 | 29/03/2022 | 1 | 400.00 | 19/09/2015 | Hindi Books | ||||||
| Shahdara Branch | Shahdara Branch | 04/01/2019 | BPPD/pub | 400.00 | 821 हास्यवि | b-048717 | 04/01/2019 | 400.00 | 04/01/2019 | Hindi Books | Dewey Decimal Classification | Non-fiction |
